| 000 | 00948cam a22002535a 4500 | ||
|---|---|---|---|
| 003 | OSt | ||
| 005 | 20161219141558.0 | ||
| 008 | 150817t2015 paua frb 000 0 eng d | ||
| 020 | _a1934758213 (volume 2) | ||
| 020 | _a9781934758212 (volume 2) | ||
| 040 |
_aUHC _cUHC _dEG-ScBUE _beng |
||
| 082 | 0 | 4 |
_222 _a610.730711 _bINN |
| 245 | 0 | 0 |
_aInnovations in nursing education : _bbuilding the future of nursing, _nVolume 2 / _cedited by Linda Caputi. |
| 260 |
_aPhiladelphia : _bNational League for Nursing / Wolters Kluwer, _cc.2015. |
||
| 300 |
_axxiv, 168 p. : _bill. ; _c23 cm. |
||
| 504 | _aIncludes bibliographical references. | ||
| 650 | 7 |
_aNursing _xStudy and teaching. _2BUEsh _936329 |
|
| 650 | 0 |
_aEducation, Nursing _xtrends. _2BUEsh |
|
| 651 | _2BUEsh | ||
| 653 |
_bNNUR _cAugust2015 _cNovember2015 _cDecember2016 |
||
| 700 | 1 |
_aCaputi, Linda, _eeditor. |
|
| 710 | 2 |
_aNational League for Nursing, _eissuing body. |
|
| 942 |
_2ddc _k610.730711 INN |
||
| 999 |
_c20533 _d20505 |
||